| 000 | 00912cam a22002535a 4500 | ||
|---|---|---|---|
| 001 | 016912705 | ||
| 003 | OSt | ||
| 005 | 20161130145001.0 | ||
| 008 | 141027s2014 enka frb f001 0 eng d | ||
| 020 | _a9781107474932 | ||
| 040 |
_aStDuBDS _beng _cStDuBDS _dEG-ScBUE |
||
| 082 | 0 | 4 |
_a332.153 _222 _bBES |
| 100 | 1 |
_aBest, Jacqueline, _d1970- |
|
| 245 | 1 | 0 |
_aGoverning failure : _bprovisional expertise and the transformation of global development finance / _cJacqueline Best. |
| 260 |
_aCambridge : _bCambridge University Press, _c2014. |
||
| 300 |
_ax, 275 p. : _bill. ; _c23 cm. |
||
| 504 | _aIncludes bibliographical references and index. | ||
| 650 | 7 |
_aEconomic development _xFinance. _2BUEsh _928653 |
|
| 650 | 7 |
_aEconomic assistance. _2BUEsh _934701 |
|
| 650 | 7 |
_aNon-governmental organizations. _2BUEsh _941458 |
|
| 650 | 7 |
_aCorporate governance. _2BUEsh _94335 |
|
| 653 |
_bBUSBOL _cNovember2016 |
||
| 942 | _2ddc | ||
| 999 |
_c23400 _d23372 |
||